000 00237nam a22001097a 4500
082 _a823
_bBLY/M
100 _aBLYTON, ENID
245 _aTHE MYSTERY OF THE MISSING NECKLACE
260 _aUK
_bHODDER
650 _aENGLISH STORY
942 _cBK
999 _c9026
_d9026